Pediatric Clinical Methods/ (Record no. 1460)

MARC details
000 -LEADER
Fixed length control field 00486nam a2200193Ia 4500
003 - CONTROL NUMBER IDENTIFIER
Control field IIN
005 - DATE AND TIME OF LATEST TRANSACTION
Control field 20250530125529.0
008 - FIXED-LENGTH DATA ELEMENTS--GENERAL INFORMATION
Fixed length control field 231217s9999 xx 000 0 und d
020 ## - INTERNATIONAL STANDARD BOOK NUMBER / ISBN
Price Rs.650.00
International Standard Book Number 9788123926476
040 ## - CATALOGING SOURCE
Original cataloging agency IIN
Language of cataloging English
082 ## - DEWEY DECIMAL CLASSIFICATION NUMBER
Classification number 610.7362
Book Number SIN
100 1# - MAIN ENTRY--PERSONAL NAME
Personal name Singh, Meharban
245 1# - TITLE STATEMENT
Title Pediatric Clinical Methods/
Statement of responsibility Meharban Singh
250 ## - EDITION STATEMENT
Edition statement 5th ed
260 ## - IMPRINT
Name of publisher CBS ,
Place of publication New Delhi :
Date of publication 2018
300 ## - PHYSICAL DESCRIPTION
Page / Vol. No xvii, 375p.
650 1# - SUBJECT ADDED ENTRY--TOPICAL TERM
Topical term Pediatric
942 ## - ADDED ENTRY ELEMENTS (KOHA)
Koha item type Books
Holdings
Withdrawn status Lost status Damaged status Not for loan Collection code Home library Current library Date acquired Price Total Checkouts Call number Accession number Date last seen Price effective from Koha item type
          IDEAL INSTITUTE OF NURSING IDEAL INSTITUTE OF NURSING 17/12/2023 650.00   610.7362 SIN 1454 17/12/2023 17/12/2023 Books
          IDEAL INSTITUTE OF NURSING IDEAL INSTITUTE OF NURSING 17/12/2023 650.00   610.7362 SIN 1455 17/12/2023 17/12/2023 Books
          IDEAL INSTITUTE OF NURSING IDEAL INSTITUTE OF NURSING 17/12/2023 650.00   610.7362 SIN 1456 17/12/2023 17/12/2023 Books
© Ideal Institute Of Nursing, All rights reserved.         Powered by Koha